Nella via del lavoro e del dovere : raccolta di lettere ed esempi di scritture d'uso comune, per le alunne della 5. e 6. classe elementare

Saved in:
Bibliographic Details
Main Author: Pazzini Brandimante, Giannina (Author)
Format: Book
Language:Italian
Published: Lanciano : Carabba Rocco, 1910
Textbook Catalogue:EDISCO:  Library Catalog Search Result
Textbook Classification:
Tags: Add Tag
No Tags, Be the first to tag this record!
Added to:2016-04-30
Changed in:2017-10-18

MARC

LEADER 00000aam a22000001 4500
001 00202
003 OSt
005 20171018092550.0
008 160501s1910 it 000 0 ita
040 |c Antonio Parlati - L'Acquila 
041 1 |a ita 
100 1 |a Pazzini Brandimante, Giannina  |9 192  |e Author 
245 0 0 |a Nella via del lavoro e del dovere :   |b raccolta di lettere ed esempi di scritture d'uso comune, per le alunne della 5. e 6. classe elementare /  |c Giannina Pazzini Brandimante 
260 |a Lanciano :  |b Carabba Rocco,  |c 1910 
300 |a 110 p. : ill., 1/1 ;   |c in 16° 
510 3 |a cent.50 
546 |a ita 
650 0 4 |2 Educazione femminile  |9 55 
655 |2 Manuale  |9 55 
690 7 |a Elementare  |x Sesta classe  |9 3685  |x Quinta classe  |9 3677 
901 |a 1 
942 |2 ddc  |c BK 
999 |c 196  |d 196 
999 |c edisco:196  |d 196